LEADER 04879nam 22008053 450 001 9910279736803321 005 20240408210111.0 010 $a9791036504198 010 $a9782760625334 010 $a2760625338 024 7 $a10.4000/books.pum.16669 035 $a(CKB)2560000000055922 035 $a(EBL)3272849 035 $a(CEL)434819 035 $a(CaBNvSL)slc00226325 035 $a(MiAaPQ)EBC3272849 035 $a(MiAaPQ)EBC4750402 035 $a(MiAaPQ)EBC6954509 035 $a(Au-PeEL)EBL6954509 035 $a(FrMaCLE)OB-pum-16669 035 $a(oapen)https://directory.doabooks.org/handle/20.500.12854/48027 035 $a(PPN)230001157 035 $a(FR-PaCSA)88858455 035 $a(VaAlCD)20.500.12592/429rc4 035 $a(DE-B1597)670594 035 $a(DE-B1597)9782760625334 035 $a(OCoLC)1315644416 035 $a(FRCYB88858455)88858455 035 $a(Perlego)3054999 035 $a(oapen)doab48027 035 $a(EXLCZ)992560000000055922 100 $a20240408h20082008 uy 0 101 0 $afre 135 $aur|n|---||||| 181 $ctxt$2rdacontent 182 $cc$2rdamedia 183 $acr$2rdacarrier 200 00$aFrance - Canada - Quebec $e400 ans de relations d'exception /$fsous la direction de Serge Joyal et Paul-Andre Linteau 205 $a1st ed. 210 $cPresses de l'Université de Montréal$d2008 210 1$aMontreal, [Canada] :$cLes Presses de l'Universite de Montreal,$d2008. 210 4$d©2008 215 $a1 online resource (324 p.) 300 $aDescription based upon print version of record. 311 08$a9782760621169 311 08$a2760621162 320 $aComprend des re?f. bibliogr. 327 $aL'empire colonial franc?ais et les nations ame?rindiennes / Alain Beaulieu -- L'he?ritage laise?e par la France au Canada en 1763 / John A. Dickinson -- La France et le Canada du milieu du XVIIIe au milieu du XIXe sie?cle : cession ou conque?te? / Franc?oise LeJeune -- Les relations culturelles entre la France et le Canada (1760-1960) / Fernand Harvey -- Champlain et la fondation de Que?bec : l'histoire "re?gressive", L'historiographie et la diplomatie culturelle (2008-1608) / Guy Martinie?re -- De la complexite? identitaire des francophones du Canada / Yves Frenette -- Quatre sie?cles d'immigration franc?aise au Canada et au Que?bec / Paul-Andre? Linteau -- Les relations commerciales franco-canadiennes de la culture a? l'e?conomie (1763-2008) / Didier Poton et Franc?ois Souty -- Les Canadiens franc?ais, la France et les deux guerres mondiales / Max Nemni -- Les relations France-Canada-Que?be?c dupuis 1960 : inte?re?ts comple?mentaires et de?fis contemporains / Jacques Palard -- Les e?changes culturels entre Franc?ais, Que?be?cois et Canadiens franc?ais depuis 1960 : vers de nouveaux rapports? / Yannick Gasquy-Resch. 330 $aLes célébrations du 400e anniversaire de la fondation de Québec ont rappelé non seulement la naissance d?une ville, mais aussi celle de tout un peuple, issu de la colonisation française. Il y a 400 ans, la France s?est établie de façon permanente et continue sur les bords du Saint-Laurent et, depuis, elle n?a jamais cessé d?y être présente. C?est cette longue relation avec le Canada, et en particulier avec le Québec, qui fait l?objet de ce livre. Après 400 ans, quel bilan pouvons-nous faire ? Quels rapports la France a-t-elle entretenus avec la Nouvelle-France ? Quelle a été son attitude envers l?ancienne colonie après la cession de 1763 ? Comment, à quel rythme et avec quelle intensité se sont maintenus et développés les liens entre Français, Canadiens et Québécois ? Autant de questions auxquelles tentent de répondre dans ce livre douze historiens des deux côtés de l?Atlantique. Ils abordent les relations politiques, culturelles ou économiques, mais aussi des sujets plus particuliers, comme les rapports entre la France et les Amérindiens, l?histoire de l?immigration française au Canada, ou encore celle de la participation des francophones aux deux guerres mondiales. 606 $aHISTORY / Modern / General$2bisacsh 606 $aHISTORY / Canada / General$2bisacsh 607 $aQue?bec (Province)$xRelations$zFrance 607 $aFrance$xRelations$zQue?bec (Province) 607 $aCanada$xForeign relations$zFrance 610 $aCanada 610 $aFrance 610 $aQuébec 610 $arelations internationales 615 7$aHISTORY / Modern / General 615 7$aHISTORY / Canada / General 676 $a327.714044 702 $aJoyal$b Serge 702 $aLinteau$b Paul Andre 801 0$bMiAaPQ 801 1$bMiAaPQ 801 2$bMiAaPQ 906 $aBOOK 912 $a9910279736803321 996 $aFrance - Canada - Quebec$94336811 997 $aUNINA